[Event "ch-Paris Open"]
[Site "Paris FRA"]
[Date "2001.07.23"]
[Round "3"]
[White "Barletta,D"]
[Black "Shneider,A"]
[Result "0-1"]
[WhiteElo "2276"]
[BlackElo "2493"]

1.e4 c5 2.Nf3 e6 3.d4 cxd4 4.Nxd4 Nc6 5.Nc3 Qc7 6.Be2 a6 7.O-O Nf6 8.Kh1 Nxd4
9.Qxd4 Bc5 10.Qd3 b5 11.f4 Bb7 12.Bf3 h5 13.e5 Ng4 14.Bxb7 Qxb7 15.Ne4 Rc8
16.h3 Nh6 17.Qf3 Qc6 18.Be3 Be7 19.g3 Nf5 20.Kg1 Nxe3 21.Qxe3 f5 22.exf6 gxf6
23.Qd4 Rg8 24.Rf3 f5 25.Rc3 Qb7 26.Ng5 Rxc3 27.bxc3 Bxg5 28.fxg5 Rxg5 29.Qh4 Qb6+
30.Kg2 Qe3 31.Rf1 Rg6 32.Rf3  0-1

[Event "MTO"]
[Site "Biel SUI"]
[Date "2001.07.24"]
[Round "2"]
[White "Ramesh,R"]
[Black "Heedt,T"]
[Result "1-0"]
[WhiteElo "2445"]
[BlackElo "2264"]

1.e4 c5 2.Nf3 e6 3.d4 cxd4 4.Nxd4 Nc6 5.Nc3 Qc7 6.Be2 a6 7.O-O Nf6 8.Be3 Bb4
9.Na4 b5 10.Nxc6 dxc6 11.Bc5 bxa4 12.Bxb4 c5 13.Ba3 Bb7 14.f3 O-O 15.c3 Bc6
16.Qd2 Rfd8 17.Qe3 c4 18.Rfd1 Bb5 19.Qc5 Qxc5+ 20.Bxc5 Nd7 21.Bd6 Rdc8 22.Rd4 Ra7
23.Rad1 f6 24.f4 Kf7 25.e5 Nb6 26.exf6 gxf6 27.Bh5+ Kg7 28.Re1 Be8 29.Bxe8 Rxe8
30.Bc5 Rb7 31.Rd6 Nd7 32.Ba3 e5 33.Rxa6 Nb6 34.Ra5 Nd7 35.Rxa4 e4 36.Rxc4 f5
37.h3 Nf6 38.Rc5 Kg6 39.g4 fxg4 40.hxg4 h6 41.Rc6 Kg7 42.Bc5 Nxg4 43.b4 Rf7
44.Bd6 Kh7 45.Rc7 Rxc7 46.Bxc7 Rg8 47.Kf1 e3 48.b5 Ra8 49.Re2 Ra3 50.Rc2  1-0

[Event "Dutch Open"]
[Site "Dieren NED"]
[Date "2001.07.24"]
[Round "7"]
[White "Van den Doel,E"]
[Black "Van der Elburg,F"]
[Result "1-0"]
[WhiteElo "2607"]
[BlackElo "2263"]

1.e4 c5 2.Nf3 e6 3.d4 cxd4 4.Nxd4 Nc6 5.Nc3 Qc7 6.Be2 a6 7.O-O b5 8.Kh1 b4
9.Na4 Nf6 10.Nxc6 dxc6 11.e5 Nd5 12.c4 bxc3 13.bxc3 Be7 14.c4 Nb6 15.Nxb6 Qxb6
16.Be3 c5 17.Rb1 Qc7 18.Bf3 Ra7 19.Qb3 O-O 20.Qb8 f6 21.exf6 gxf6 22.Rfd1 Qxb8
23.Rxb8 Kg7 24.Rb6 Rc7 25.Bg4 f5 26.Bf3 Rd8 27.Rdb1 Bf6 28.g4 Bd4 29.gxf5 Bxe3
30.fxe3 exf5 31.Bd5 Re8 32.Rg1+ Kh8 33.Rb8 Rce7 34.Rg3 Be6 35.Rb6 Bxd5+ 36.cxd5 Rxe3
37.Rxe3 Rxe3 38.Rxa6 Rd3 39.d6 c4 40.Rc6 c3 41.a4 c2 42.Rxc2 Rxd6 43.Ra2 Ra6
44.a5 Kg7 45.Kg2 Kf6 46.Kf3 Kg5 47.Ra4 h6 48.h4+ Kh5 49.Kg3 Kg6 50.Kf4 Kf6
51.h5 Ke6 52.Ra2 Kf6 53.Ra1 Kg7 54.Kxf5 Kf7 55.Ra2 Kf8 56.Ke4 Ke7 57.Ke5 Kf7
58.Ra3 Ke7 59.Ra4 Kf7 60.Ra1 Ke7 61.Kd5 Kf6 62.Kc5 Kg5 63.Kb5 Ra8 64.Rh1 Rb8+
65.Kc6 Ra8 66.Kb6 Rb8+ 67.Ka7 Rb5 68.a6 Rb2 69.Ka8 Ra2 70.a7 Rb2 71.Rg1+ Kxh5
72.Rg8 Kh4 73.Rb8 Ra2 74.Kb7 h5 75.a8=Q Rxa8 76.Rxa8 Kg3 77.Rg8+ Kf3 78.Rh8 Kg4
79.Kc6  1-0

[Event "Czech Open"]
[Site "Pardubice CZE"]
[Date "2001.07.24"]
[Round "5"]
[White "Petrik,T"]
[Black "Schlosser,P"]
[Result "1/2-1/2"]
[WhiteElo "2335"]
[BlackElo "2490"]

1.e4 c5 2.Nf3 e6 3.d4 cxd4 4.Nxd4 Nc6 5.Nc3 Qc7 6.Be2 a6 7.O-O Nf6 8.Re1 Be7
9.a4 O-O 10.Kh1 d6 11.f4 Re8 12.Bf3 Nd7 13.Be3 Rb8 14.Qd2 Na5 15.b3 b6 16.Rab1 Bb7
17.Na2 Rbc8 18.c4 Bf8 19.Nc3 Qb8 20.Qe2 Nc6 21.Nxc6 Bxc6 22.f5 g6 23.fxe6 fxe6
24.Bd4 Bg7 25.Bxg7 Kxg7 26.Bg4 Ne5 27.Bh3 Qc7 28.Rbd1 Rcd8 29.Qe3 Bd7 30.Ne2 Rf8
31.Nf4 Rf6 32.Nd3 Nf7 33.Kg1 Bc6 34.Rf1 Rxf1+ 35.Rxf1 Re8 36.Qf4 Qe7 37.e5 dxe5
38.Qxf7+ Qxf7 39.Rxf7+ Kxf7 40.Nxe5+ Ke7 41.Nxc6+ Kd6 42.Nb4 a5 43.Nd3 Rf8
44.Bg4 g5 45.Bf3 h6 46.h3 e5 47.Kh2 Re8 48.Be4 Rf8 49.Kh1 h5 50.g3 g4 51.h4 Rf6
52.c5+ bxc5 53.Nb2 c4 54.Nxc4+ Kc5 55.Bg2 Kd4 56.Nd2 Ke3 57.Nc4+  1/2-1/2

[Event "Czech Open"]
[Site "Pardubice CZE"]
[Date "2001.07.24"]
[Round "5"]
[White "Pinter,E"]
[Black "Shestoperov,A"]
[Result "1/2-1/2"]
[WhiteElo "2277"]
[BlackElo "2429"]

1.e4 c5 2.Nf3 e6 3.d4 cxd4 4.Nxd4 Nc6 5.Nc3 a6 6.Be2 Qc7 7.O-O Nf6 8.Kh1 Nxd4
9.Qxd4 Bc5 10.Qd3 b5 11.f4 Bb7 12.Bf3 h5 13.e5 Ng4 14.Bxb7 Qxb7 15.Ne4 Rc8
16.Bd2 Be7 17.a3 Rc4 18.Rae1 Qb6 19.Bb4 Bxb4 20.axb4 Rxe4 21.Rxe4 Nf2+ 22.Rxf2 Qxf2
23.Qe2 Qxe2 24.Rxe2 Ke7  1/2-1/2

[Event "ch-Paris Open"]
[Site "Paris FRA"]
[Date "2001.07.24"]
[Round "4"]
[White "Krivokapic,R"]
[Black "Szabolcsi,J"]
[Result "0-1"]
[WhiteElo "2280"]
[BlackElo "2418"]

1.e4 c5 2.Nf3 Nc6 3.Nc3 e6 4.d4 cxd4 5.Nxd4 Qc7 6.Be2 a6 7.O-O Nf6 8.a4 Bb4
9.Qd3 O-O 10.Bg5 Be7 11.Kh1 Ng4 12.Bxg4 Bxg5 13.Nf3 Bf6 14.Rad1 g6 15.g3 b6
16.Bh3 Nb4 17.Qd2 d5 18.Rfe1 Bb7 19.e5 Bg7 20.Bg2 Rfd8 21.Qe2 Nc6 22.Na2 b5
23.axb5 axb5 24.Nc1 Ra4 25.Nd3 Qb6 26.Qd2 Rc8 27.b3 Ra2 28.Ra1 Rca8 29.Rxa2 Rxa2
30.h4 b4 31.h5 Ba6 32.Nc1 Ra1 33.Kh2 Qc7 34.hxg6 hxg6 35.Nd3 Rxe1 36.Qxe1 Bxd3
37.cxd3 Bxe5 38.Qc1 Qb6 39.Qg5 Bg7 40.Qc1 Na7 41.Kg1 Qc6 42.Qf4 Qb7 43.Bf1 Nc6
44.Qd6 Bf8 45.Qf4 Na5 46.Nd2 Qc8 47.d4 Qc2 48.Bb5 Nb7 49.Ba4 Nd6 50.Kg2 Nf5
51.Nf3 Bd6 52.Qg5 Bxg3 53.Nd2 Bh4  0-1

[Event "EuChJun Boys"]
[Site "Patras GRE"]
[Date "2001.07.24"]
[Round "8"]
[White "Zvan,Z"]
[Black "Mladenov,Sv"]
[Result "0-1"]
[WhiteElo "2168"]
[BlackElo "2306"]

1.e4 c5 2.Nf3 e6 3.d4 cxd4 4.Nxd4 Nc6 5.Nc3 d6 6.Be2 Nf6 7.O-O Be7 8.Be3 O-O
9.f4 Qc7 10.Qe1 a6 11.Qg3 Nxd4 12.Bxd4 b5 13.e5 dxe5 14.Bxe5 Qb6+ 15.Kh1 Bb7
16.Bf3 Rac8 17.Rad1 Rfd8 18.Rxd8+ Rxd8 19.f5 Bxf3 20.gxf3 Ne8 21.fxe6 f6
22.Bf4 b4 23.Ne2 Qxe6 24.Nc1 Qc6 25.Re1 Bd6 26.Bxd6 Nxd6 27.Qg4 Nf7 28.Nd3 a5
29.Re2 Ng5 30.Kg2 Rd4 31.Nf4 Qc4 32.b3 Qc6 33.h4 Nf7 34.Qe6 Qxe6 35.Rxe6 Nd8
36.Re4 Rxe4 37.fxe4 Nc6 38.Ne2 Kf7 39.c4 bxc3 40.Nxc3 Ke6 41.Kf3 Ke5 42.Ke3 h5
43.Nd1 f5 44.exf5 Nd4 45.Nb2 Nxf5+ 46.Kf2 Nxh4 47.Nc4+ Kf4 48.Nxa5 g5 49.Nc6 g4
50.Nd4 g3+ 51.Ke2 Ke4 52.Nb5 Nf5 53.Nc3+ Kf4 54.Nd5+ Kg4 55.Nf6+ Kg5 56.Nd5 Kh4
57.Kf1 Kh3 58.Kg1 Nd4 59.Nf4+ Kg4 60.Ng2 h4 61.b4 h3 62.Ne1 Nf3+ 63.Nxf3 Kxf3
64.b5 g2  0-1

[Event "Politiken Cup"]
[Site "Copenhagen DEN"]
[Date "2001.07.25"]
[Round "11"]
[White "Laursen,N"]
[Black "Rendboe,J"]
[Result "1/2-1/2"]
[WhiteElo "2107"]
[BlackElo "2243"]

1.e4 c5 2.Nc3 Nc6 3.Nf3 e6 4.d4 cxd4 5.Nxd4 Nf6 6.Nxc6 dxc6 7.Qxd8+ Kxd8
8.Bg5 Bd6 9.O-O-O Kc7 10.f4 e5 11.Bxf6 gxf6 12.f5 b5 13.Bxb5 Rg8 14.Bc4 Rxg2
15.Rdg1 Rxg1+ 16.Rxg1 Bf8 17.Bxf7 Ba6 18.Rd1 Bc5 19.Na4  1/2-1/2

[Event "Czech Open"]
[Site "Pardubice CZE"]
[Date "2001.07.25"]
[Round "6"]
[White "Womacka,M"]
[Black "Jakovenko,D"]
[Result "1-0"]
[WhiteElo "2469"]
[BlackElo "2551"]

1.e4 c5 2.Nf3 e6 3.d4 cxd4 4.Nxd4 Nc6 5.Nc3 a6 6.Be2 Qc7 7.f4 d6 8.Be3 Nf6
9.O-O Be7 10.Qe1 O-O 11.Qg3 Bd7 12.Rae1 Nxd4 13.Bxd4 Bc6 14.Bd3 Rfd8 15.Kh1 b5
16.e5 dxe5 17.Bxe5 Qb7 18.f5 exf5 19.Rxf5 Ne8 20.Rf2 h6 21.Ref1 f6 22.Bf4 b4
23.Bc4+ Kh7 24.Bxh6 bxc3 25.Bxg7 Rd5 26.Bxd5 Bxd5 27.Bxf6 Bxf6 28.Rxf6 cxb2
29.Qh4+ Kg8 30.Qg5+ Qg7 31.Qxd5+ Kh8 32.Qe4  1-0

[Event "ch-Paris Open"]
[Site "Paris FRA"]
[Date "2001.07.25"]
[Round "5"]
[White "Bauer,Ch"]
[Black "Shneider,A"]
[Result "1/2-1/2"]
[WhiteElo "2576"]
[BlackElo "2493"]

1.e4 c5 2.Nf3 Nc6 3.d4 cxd4 4.Nxd4 e6 5.Nc3 Qc7 6.Be3 a6 7.Be2 Nf6 8.O-O Bb4
9.Na4 Be7 10.Nxc6 bxc6 11.Nb6 Rb8 12.Nxc8 Qxc8 13.Bd4 c5 14.Be5 Rb6 15.Qd3 d6
16.Bc3 O-O 17.Bf3 Nd7 18.Rad1 Bf6 19.Bxf6 Nxf6 20.Qc3 e5 21.Rd2 Rd8 22.b3 Qc6
23.Rfd1 h6 24.Qe3 a5 25.h4 a4 26.g4 axb3 27.axb3 Nh7 28.Bg2 Nf8 29.f4 exf4
30.Qxf4 Ng6 31.Qf2 Ne5 32.g5 hxg5 33.hxg5 Qc7 34.Rd5 Qe7 35.Qf5 Re8 36.Bf1 g6
37.Qf4 Rb4 38.Bg2 Rb6 39.Bf1 Rb4 40.R1d2 Kg7 41.Rf2 Rd4 42.Rxd4 cxd4 43.b4 Rc8
44.b5 Rc5 45.Kh1 Nd7 46.Rg2 Re5 47.Bd3 Nc5 48.Qh4 Nxd3 49.cxd3 Rxb5 50.Rh2 Rb1+
51.Kg2 Rb2+ 52.Kg1 Rxh2 53.Kxh2 Qe5+ 54.Kg2 d5 55.exd5 Qxd5+ 56.Kg3 Qe5+
57.Qf4 Qxf4+  1/2-1/2

[Event "Lasker Mem Open"]
[Site "Barlinek CZE"]
[Date "2001.07.26"]
[Round "10"]
[White "Szczechowicz,B"]
[Black "Dobrowolski,A"]
[Result "1-0"]
[WhiteElo "2298"]
[BlackElo "2222"]

1.e4 c5 2.Nf3 e6 3.d4 cxd4 4.Nxd4 Nc6 5.Nc3 Qc7 6.Be2 a6 7.Be3 Nf6 8.O-O Bb4
9.Na4 Be7 10.Nxc6 bxc6 11.Nb6 Rb8 12.Nxc8 Qxc8 13.Bd4 c5 14.Be5 Rb6 15.b3 Nxe4
16.Bxg7 Rg8 17.Be5 Bd6 18.Bg3 Nxg3 19.fxg3 Be5 20.Bh5 Bxa1 21.Qxa1 Kd8 22.Qf6+ Kc7
23.Qe5+ Kb7 24.Rxf7 Qc7 25.Bf3+ Kb8 26.Qe4 Ka7 27.Qxh7 Rd8 28.Qe4 c4 29.h4 cxb3
30.axb3 Rd6 31.Qe3+ Qb6 32.Qxb6+ Kxb6 33.g4 Rd2 34.g5 Rg8 35.Be4 Rd4 36.Bh7 Rc8
37.g3 e5 38.g6 e4 39.g7 e3 40.Kf1 Re8 41.Bd3 Rg8 42.h5 Rd6 43.g4 Rh6 44.Be2  1-0

[Event "MTO"]
[Site "Biel SUI"]
[Date "2001.07.26"]
[Round "4"]
[White "Masserey,Y"]
[Black "Rufener,M"]
[Result "1-0"]
[WhiteElo "2374"]
[BlackElo "2194"]

1.e4 c5 2.Nf3 e6 3.d4 cxd4 4.Nxd4 Nc6 5.Nc3 a6 6.Be2 Qc7 7.O-O Nf6 8.Kh1 Nxd4
9.Qxd4 Bc5 10.Qd3 b5 11.Bg5 Bb7 12.a3 Rc8 13.f4 b4 14.axb4 Bxb4 15.Bxf6 gxf6
16.Rad1 Bxc3 17.bxc3 d5 18.exd5 Bxd5 19.Qxa6 Qxc3 20.Rxd5 exd5 21.Qd6  1-0

[Event "EuChJun Boys"]
[Site "Patras GRE"]
[Date "2001.07.26"]
[Round "10"]
[White "Smirnov,P"]
[Black "Lazar,Ales ml"]
[Result "1-0"]
[WhiteElo "2530"]
[BlackElo "2259"]

1.e4 c5 2.Nf3 e6 3.d4 cxd4 4.Nxd4 Nc6 5.Nc3 Qc7 6.Be2 a6 7.O-O Nf6 8.Kh1 Be7
9.f4 d6 10.Be3 O-O 11.a4 Re8 12.Bg1 Bd7 13.Nb3 b6 14.Bf3 Rad8 15.Qe2 Bc8
16.Qc4 Nd7 17.Nd4 Bb7 18.Nd5 exd5 19.exd5 Ndb8 20.dxc6 Rc8 21.Ne6 fxe6 22.Qxe6+ Kh8
23.cxb7 Rcd8 24.Rfe1 Nd7 25.Bh5  1-0

[Event "Open"]
[Site "Novosibirsk RUS"]
[Date "2001.07.27"]
[Round "9"]
[White "Kazakov,P"]
[Black "Zarezenko,I"]
[Result "1/2-1/2"]
[WhiteElo "2342"]
[BlackElo "2241"]

1.e4 c5 2.Nf3 e6 3.Nc3 Nc6 4.d4 cxd4 5.Nxd4 Qc7 6.Be2 a6 7.O-O Nf6 8.a4 Be7
9.Be3 O-O 10.f4 d6 11.Kh1 Re8 12.Qe1 Nb4 13.Bd3 e5 14.fxe5 Ng4 15.Bd2 Nxe5
16.Qg3 Be6 17.Nce2 Nbxd3 18.cxd3 Ng6 19.Bc3 Bh4 20.Qf3 Qd7 21.Nxe6 fxe6 22.Qg4 Qe7
23.g3 Bg5 24.Nf4 Nxf4 25.gxf4 Bf6 26.Rg1 Bxc3 27.bxc3 d5 28.Rae1 Qf7 29.d4 Rac8
30.Re3 dxe4 31.Rxe4 Rc7 32.Rge1 Rf8 33.Qxe6 Qxe6 34.Rxe6 Rxc3 35.Rd1 Rc7
36.Re4 Kf7 37.d5 Re8 38.Red4 Re2 39.d6 Rcc2 40.d7 Rxh2+  1/2-1/2

[Event "EuChJun Boys"]
[Site "Patras GRE"]
[Date "2001.07.27"]
[Round "11"]
[White "Lupulescu,C"]
[Black "Berg,E"]
[Result "1/2-1/2"]
[WhiteElo "2465"]
[BlackElo "2496"]

1.e4 c5 2.Nf3 e6 3.Nc3 Nc6 4.d4 cxd4 5.Nxd4 Qc7 6.Be3 a6 7.Bd3 Nf6 8.O-O Ne5
9.h3 Bc5 10.Kh1 b5 11.f4 Nxd3 12.cxd3 d6 13.Qd2 O-O 14.Rac1 Qa7 15.Qf2 Bd7
16.e5 Nd5 17.Nxd5 exd5 18.b4 Bb6 19.Nc2 Bxe3 20.Qxe3 Qxe3 21.Nxe3 dxe5 22.fxe5 d4
23.Nd5 Ra7 24.Ne7+ Kh8 25.Nc6 Bxc6 26.Rxc6 g6 27.e6 Kg7 28.exf7 a5 29.Rb6 axb4
30.Rxb5 Ra3 31.Rxb4 Rxd3 32.Rb7 Rc3 33.Rf2 d3 34.Rd7 Rc2 35.Rxc2 dxc2 36.Rc7 Rxf7
37.Rxc2 Ra7 38.Kg1 Kf6 39.Kf2 Ke5 40.Kf3 h5 41.Rc5+ Kf6 42.Rc6+ Kf5 43.Rc5+ Kf6
44.Rc2 Ke5 45.Kg3 g5 46.h4 Ra3+ 47.Kh2 gxh4 48.Rc5+ Kf4 49.Rc4+  1/2-1/2

[Event "COQ Open"]
[Site "Quebec CAN"]
[Date "2001.07.27"]
[Round "8"]
[White "Linskiy,OM"]
[Black "Mikanovic,G"]
[Result "1-0"]
[WhiteElo "2412"]
[BlackElo "2273"]

1.e4 c5 2.Nf3 e6 3.d4 cxd4 4.Nxd4 Nc6 5.Nc3 Qc7 6.g3 a6 7.Bg2 Nge7 8.Nb3 Ng6
9.O-O Be7 10.a4 O-O 11.f4 Na5 12.Nxa5 Qxa5 13.e5 d6 14.exd6 Qb6+ 15.Kh1 Qxd6
16.a5 Qc7 17.Be3 Bc5 18.Bxc5 Qxc5 19.Qd2 Qc7 20.Rfd1 Ne7 21.Qd6 Qxd6 22.Rxd6 Nf5
23.Rd3 Rb8 24.Na4 f6 25.Nb6 Nh6 26.Rad1 e5 27.Nd7 Bxd7 28.Rxd7 Ng4 29.R1d6 exf4
30.gxf4 Rbe8 31.Bd5+ Kh8 32.Re6 g5 33.f5 Ne3 34.Bxb7 Nxf5 35.Rxe8 Rxe8 36.Bxa6 Ra8
37.Rd5 Nh4 38.Bb7 Re8 39.Rd1  1-0

[Event "Keres Mem Open"]
[Site "Tallinn EST"]
[Date "2001.07.27"]
[Round "4"]
[White "Rytshagov,M"]
[Black "Gavrikov,Vi"]
[Result "1/2-1/2"]
[WhiteElo "2501"]
[BlackElo "2567"]

1.e4 c5 2.Nf3 Nc6 3.d4 cxd4 4.Nxd4 e6 5.Nc3 a6 6.Be2 d6 7.Be3 Nf6 8.f4 Be7
9.Qd2 O-O 10.O-O-O Nd7 11.Kb1 Nxd4 12.Bxd4 b5 13.Qe3 b4 14.Na4 Qc7 15.Nb6 Nxb6
16.Bxb6 Qb8 17.Ba5 Bd8 18.Bxd8 Rxd8 19.Rd4 a5 20.Rhd1 Bb7 21.f5 exf5 22.exf5 Re8
23.Qd2 d5 24.Bf3 Qxh2 25.Bxd5  1/2-1/2

[Event "Czech Open"]
[Site "Pardubice CZE"]
[Date "2001.07.28"]
[Round "9"]
[White "Talla,V"]
[Black "Schlosser,P"]
[Result "1/2-1/2"]
[WhiteElo "2401"]
[BlackElo "2490"]

1.e4 c5 2.Nf3 e6 3.d4 cxd4 4.Nxd4 Nc6 5.Nc3 Qc7 6.Be2 Nf6 7.O-O a6 8.Be3 d6
9.f4 Be7 10.a4 O-O 11.Kh1 Re8 12.Qe1 Nxd4 13.Bxd4 e5 14.fxe5 dxe5  1/2-1/2

[Event "Czech Open"]
[Site "Pardubice CZE"]
[Date "2001.07.28"]
[Round "9"]
[White "Navara,D"]
[Black "Lindberg,Be"]
[Result "1-0"]
[WhiteElo "2491"]
[BlackElo "2318"]

1.e4 c5 2.Nf3 e6 3.d4 cxd4 4.Nxd4 Nc6 5.Nc3 Qc7 6.g3 a6 7.Bg2 Nf6 8.O-O Bc5
9.Nxc6 dxc6 10.Na4 Ba7 11.c4 h5 12.c5 h4 13.f4 hxg3 14.hxg3 e5 15.f5 Qe7
16.b4 Bd7 17.Bg5 Qf8 18.Qd2 O-O-O 19.Rad1 Qe7 20.Qd6 Qxd6 21.Rxd6 Ne8 22.Rd3 f6
23.Be3 Nc7 24.Nb6+ Bxb6 25.cxb6 Nb5 26.Rfd1 Rhe8 27.a4 Nd4 28.Bxd4 exd4 29.Rxd4 Re5
30.Bf1 g6 31.fxg6 Rg5 32.Kf2 Rxg6 33.Bh3  1-0

[Event "MTO"]
[Site "Biel SUI"]
[Date "2001.07.29"]
[Round "6"]
[White "Masserey,Y"]
[Black "Rasch,H"]
[Result "1-0"]
[WhiteElo "2374"]
[BlackElo "2238"]

1.e4 c5 2.Nf3 e6 3.d4 cxd4 4.Nxd4 Nc6 5.Nc3 a6 6.Nxc6 bxc6 7.Bd3 d5 8.O-O Nf6
9.Re1 Be7 10.e5 Nd7 11.Qg4 g6 12.Na4 c5 13.b3 Qc7 14.Qg3 c4 15.Bf1 Bb7 16.Bh6 Rc8
17.Rab1 Ba8 18.h4 Qa5 19.Qf4 Bc6 20.Nb2 Bb4 21.Red1 Bc3 22.bxc4 Bxe5 23.Qg4 f5
24.Qe2 Kf7 25.cxd5 Bxd5 26.c4 Bc6 27.Nd3 Bf6 28.Nb4 Ba4 29.Rd6 Rhe8 30.Rxa6 Qc7
31.Rxa4 Nc5 32.Na6 Nxa4 33.Nxc7 Nc3 34.Qd3 Rxc7 35.Rb6 Rd8  1-0

[Event "MTO"]
[Site "Biel SUI"]
[Date "2001.07.29"]
[Round "6"]
[White "Vuckovic,Bo"]
[Black "Yagupov,I"]
[Result "0-1"]
[WhiteElo "2497"]
[BlackElo "2444"]

1.e4 c5 2.Nf3 e6 3.d4 cxd4 4.Nxd4 Nc6 5.Nc3 Qc7 6.Be2 a6 7.O-O Nf6 8.Kh1 Be7
9.f4 d6 10.Be3 O-O 11.Qe1 Nxd4 12.Bxd4 b5 13.a3 Bb7 14.Qg3 Bc6 15.Rae1 Rae8
16.Bf3 Rd8 17.Re2 Ba8 18.Rfe1 Rd7 19.f5 e5 20.Be3 Rb8 21.Bh6 Ne8 22.Nd1 Qd8
23.Rf1 Kh8 24.Bc1 Bh4 25.Qg4 h6 26.Ne3 Bg5 27.Qh3 Nf6 28.Ng4 Bxc1 29.Rxc1 Nxg4
30.Bxg4 Qf6 31.Qe3 Re8 32.Rd1 d5 33.exd5 Rxd5 34.Rxd5 Bxd5 35.Rd2 Bb7 36.Kg1 Rc8
37.c3 Rc4 38.h3 Rc8 39.Bf3 e4 40.Bg4 Re8 41.Qd4 Qg5 42.f6 gxf6 43.Rf2 Re5
44.Rd2 Rd5 45.Qb4 Kg7 46.Rxd5 Bxd5 47.Qd4 h5 48.Be2 e3 49.g4 Qh4 50.Qxd5 Qf2+
51.Kh1 Qxe2 52.Qg2 Qd1+ 53.Kh2 e2 54.gxh5+ Kh6  0-1

[Event "Smith & Williamson ch-GBR"]
[Site "Scarborough HUN"]
[Date "2001.07.30"]
[Round "1"]
[White "Collins,S"]
[Black "Kelly,B"]
[Result "0-1"]
[WhiteElo "2194"]
[BlackElo "2458"]

1.e4 c5 2.Nf3 e6 3.d4 cxd4 4.Nxd4 Nc6 5.Nc3 Qc7 6.g3 a6 7.Bg2 d6 8.O-O Bd7
9.Re1 Be7 10.a4 Nf6 11.h3 O-O 12.g4 Nxd4 13.Qxd4 Bc6 14.Be3 Rac8 15.a5 Rfe8
16.Qd2 Nd7 17.f4 Nc5 18.Qf2 b5 19.axb6 Qxb6 20.b3 Qb4 21.Bxc5 dxc5 22.Qg3 c4
23.Ne2 Red8 24.Kh2 cxb3 25.Qxb3 Qc5 26.Rxa6 Bxe4 27.Qg3 Qxc2 28.Raa1 Bb4
29.Reb1 Rd2 30.Rxb4 Rxe2 31.Rg1 Qd2 32.Rb3 h6 33.Kh1 Bxg2+ 34.Rxg2 Rxg2  0-1

[Event "Keres Mem Open"]
[Site "Tallinn EST"]
[Date "2001.07.31"]
[Round "9"]
[White "Yemelin,V"]
[Black "Reizniece,D"]
[Result "1-0"]
[WhiteElo "2507"]
[BlackElo "2312"]

1.e4 c5 2.Nf3 e6 3.d4 cxd4 4.Nxd4 Nc6 5.Nc3 d6 6.g4 Be7 7.Be3 a6 8.g5 Nxd4
9.Qxd4 Bxg5 10.O-O-O Bf6 11.Qb4 Ne7 12.Rxd6 Qc7 13.Bb6 Nc6 14.Qc5 Qb8 15.f4 O-O
16.Rg1 Be7 17.e5 f6 18.Bd3 g6 19.Ne4 fxe5 20.fxe5 Rf5 21.Nf6+ Rxf6 22.exf6 Bxd6
23.Qh5 Bf4+ 24.Kb1 Qe5 25.Rxg6+ Kh8 26.Rg8+  1-0

[Event "UPI"]
[Site "Mancha Real ESP"]
[Date "2001.08.01"]
[Round "3"]
[White "Saldano,H"]
[Black "Rodriguez Guerrero,E"]
[Result "0-1"]
[WhiteElo "2422"]
[BlackElo "2295"]

1.Nf3 c5 2.e4 e6 3.d4 cxd4 4.Nxd4 Nc6 5.Nc3 Qc7 6.Be3 a6 7.Qd2 b5 8.O-O-O Ne5
9.Bf4 b4 10.Nce2 Nf6 11.Nf3 Nxf3 12.gxf3 Qa5 13.Kb1 d5 14.Bg5 Bb7 15.e5 Nd7
16.Nd4 h6 17.Bh4 Qc7 18.f4 g6 19.Bd3 Qb6 20.Nxe6 Qxe6 21.f5 gxf5 22.Qf4 Be7
23.Bxf5 Bg5 24.Bxg5 hxg5 25.Qxg5 Qe7 26.Qg7 Qf8 27.Qg5 Qh6 28.Bxd7+ Kxd7
29.Qg4+ Kc7 30.Qxb4 Qe6 31.Rd3 a5 32.Qc5+ Kb8 33.f4 Rc8 34.Qf2 Qf5 35.Rg1 Ra6
36.Rg5 Qe4 37.Rd4 Rxc2 38.Rg8+ Ka7 39.Qg1 Qf5 40.Rb4+ Rc5+ 41.Ka1 axb4 42.Qxc5+ Rb6
43.Qa5+ Ba6 44.a3 Qc2 45.Rg1 Qc6 46.axb4 d4 47.f5 d3 48.e6 d2 49.Ka2 fxe6
50.f6 Qc4+ 51.Kb1 Qd3+ 52.Ka2 d1=Q 53.Rg7+ Ka8 54.Rg8+ Rb8  0-1

[Event "MTO"]
[Site "Biel SUI"]
[Date "2001.08.02"]
[Round "10"]
[White "Beshukov,S"]
[Black "Yagupov,I"]
[Result "1-0"]
[WhiteElo "2482"]
[BlackElo "2444"]

1.e4 c5 2.Nf3 Nc6 3.Nc3 e6 4.d4 cxd4 5.Nxd4 Qc7 6.f4 d6 7.Be3 Nf6 8.Qf3 a6
9.Bd3 Bd7 10.Nb3 Be7 11.g4 h6 12.h4 h5 13.g5 Ng4 14.Bg1 Nb4 15.O-O-O O-O-O
16.Kb1 f5 17.Rh3 fxe4 18.Nxe4 Rdf8 19.Qf1 e5 20.Qe1 d5 21.Nec5 Rxf4 22.Nxd7 Qxd7
23.Be2 d4 24.Rg3 Bd6 25.a3 Nc6 26.c3 Qf5+ 27.Ka2 Nf2 28.Rc1 Kb8 29.cxd4 Nxd4
30.Nxd4 exd4 31.Rb3 d3 32.Bxf2 dxe2 33.Bg3 Re8 34.Qd2 Re6 35.Re1 Bc7 36.Bxf4 Bxf4
37.Qd8+ Ka7 38.Qd4+ Ka8 39.Qd7 Qe4 40.Rxe2  1-0

[Event "GM"]
[Site "Hasselbacken SWE"]
[Date "2001.08.02"]
[Round "6"]
[White "Wedberg,T"]
[Black "Cramling,P"]
[Result "1/2-1/2"]
[WhiteElo "2505"]
[BlackElo "2510"]

1.e4 c5 2.Nf3 e6 3.d4 cxd4 4.Nxd4 Nc6 5.Nc3 Qc7 6.g3 a6 7.Bg2 Nf6 8.O-O Bc5
9.Nxc6 dxc6 10.Na4 Ba7 11.c4 h5 12.c5 h4 13.Nb6 Bxb6 14.cxb6 Qxb6 15.Bf4 hxg3
16.hxg3 Nd7 17.Bd6 e5 18.Qd2 f6 19.Rac1 Nf8 20.Bc5 Qc7 21.Qe3 Be6 22.Rfd1 Qf7
23.b3 g5 24.Ba3 Nd7 25.Rd6 a5 26.Rcd1 a4 27.bxa4 O-O 28.R6d2 Rfc8 29.f4 exf4
30.gxf4 gxf4 31.Qxf4 Ra5 32.Rd3 Rg5 33.Rg3 Qg7 34.Rxg5 Qxg5 35.Qxg5+ fxg5
36.a5 Ne5 37.Bb2 Nc4 38.Bc3 Ra8 39.Rb1 Nxa5 40.Bxa5 Rxa5 41.Rxb7 Bxa2 42.Rc7 Rc5
43.e5 Rxe5  1/2-1/2

[Event "HZ Open"]
[Site "Vlissingen NED"]
[Date "2001.08.02"]
[Round "7"]
[White "Smits,May"]
[Black "Romanishin,O"]
[Result "0-1"]
[WhiteElo "2205"]
[BlackElo "2579"]

1.e4 c5 2.Nc3 e6 3.Nf3 Nc6 4.d4 cxd4 5.Nxd4 a6 6.Bf4 d6 7.Nxc6 bxc6 8.Bc4 Nf6
9.Qe2 e5 10.Bg3 Be7 11.Rd1 Qc7 12.O-O O-O 13.Bb3 a5 14.Rfe1 Bg4 15.f3 Bd7
16.a4 Nh5 17.Qd2 Nxg3 18.hxg3 Rab8 19.Nb1 Rb4 20.Qc3 Qb6+ 21.Kh2 Be6 22.Nd2 d5
23.Qxe5 Bf6 24.Qh5 g6 25.Qh6 Bxb2 26.e5 Bc3 27.Re2 Rd4 28.Rh1 Re8 29.Nf1 Rd1
30.g4 Qc7 31.Qg5 Qe7 32.Qh6 Qf8 33.Qf4 c5 34.Ne3 Rxh1+ 35.Kxh1 c4 36.Ba2 Qa3
37.Nf5 Bxf5 38.gxf5 Qxa2 39.e6 fxe6 40.fxe6 Qb1+ 41.Kh2 Qb8  0-1

[Event "MTO"]
[Site "Biel SUI"]
[Date "2001.08.03"]
[Round "11"]
[White "Misiano,F"]
[Black "Prasad,D"]
[Result "1/2-1/2"]
[WhiteElo "2200"]
[BlackElo "2440"]

1.e4 c5 2.Nf3 Nc6 3.d4 cxd4 4.Nxd4 e6 5.Nc3 Qc7 6.Be3 a6 7.Be2 Nf6 8.O-O Be7
9.a4 O-O 10.Kh1 d6 11.f4 Re8 12.a5 Nxa5 13.e5 Nd5 14.Nxe6 Bxe6 15.Nxd5 Bxd5
16.Qxd5 Nc6 17.Bc4 dxe5 18.Qxf7+ Kh8 19.Bd3 e4 20.Bxe4 Bd6 21.Qxc7 Bxc7 22.Bxc6 bxc6  1/2-1/2

[Event "UPI"]
[Site "Mancha Real ESP"]
[Date "2001.08.03"]
[Round "5"]
[White "De la Paz,F"]
[Black "Rodriguez Guerrero,E"]
[Result "1-0"]
[WhiteElo "2461"]
[BlackElo "2295"]

1.e4 c5 2.Nf3 e6 3.d4 cxd4 4.Nxd4 Nc6 5.Nc3 Qc7 6.Be3 a6 7.Qd2 Nf6 8.O-O-O b5
9.Bf4 Qb6 10.e5 Qxd4 11.Qxd4 Nxd4 12.Rxd4 b4 13.Na4 Nd5 14.Bg3 Bb7 15.Bc4 Rd8
16.Rhd1 Bc6 17.Bxd5 Bxd5 18.Nb6 Bc6 19.Bh4 Bc5 20.Bxd8 Bxd4 21.Rxd4 Kxd8
22.Rxb4 Kc7 23.Na4 f6 24.exf6 gxf6 25.g3 Rg8 26.Nc5 a5 27.Rh4 Rg7 28.Kd2 Kb6
29.Nd3 e5 30.f4 d6 31.Rh6 Rf7 32.Nf2 Kc7 33.Ng4 exf4 34.Rxf6 Rxf6 35.Nxf6 fxg3
36.hxg3 h6 37.Ke3 Kd8 38.Ng8 Bd5 39.Nxh6 Bxa2 40.b3 Ke7 41.Nf5+ Ke6 42.Nd4+ Kf6
43.Nb5 a4 44.bxa4 Ke5 45.a5  1-0

[Event "FSIMA August"]
[Site "Budapest HUN"]
[Date "2001.08.04"]
[Round "1"]
[White "Cooke,E"]
[Black "Erdelyi,Z"]
[Result "0-1"]
[WhiteElo "2237"]
[BlackElo "2230"]

1.e4 c5 2.Nf3 e6 3.Nc3 Nc6 4.d4 cxd4 5.Nxd4 Qc7 6.Be3 a6 7.Bd3 Nf6 8.O-O b5
9.a3 Bb7 10.f4 Bc5 11.Nce2 Nxd4 12.Nxd4 Nxe4 13.Kh1 Nf6 14.Bg1 O-O 15.c3 Bd6
16.Qd2 Nd5 17.Ne2 f5 18.Bd4 Bc5 19.Rac1 Bxd4 20.Nxd4 Rf6 21.Be2 Rg6 22.Bf3 Nf6
23.Bxb7 Qxb7 24.Nf3 Ne4 25.Qd4 Rc8 26.Rc2 Rc4 27.Qe3 Nf6 28.Ne5 Re4 29.Qd3 Rh6
30.Qd6 Ng4 31.Nxd7 Qa8 32.Rd2 Nxh2 33.Kg1 Nxf1 34.Nb8 Rf6 35.Qe7 Nxd2 36.Nd7 Re1+
37.Kf2 Rf1+ 38.Ke3 Qe4+  0-1

[Event "GM"]
[Site "Hasselbacken SWE"]
[Date "2001.08.04"]
[Round "8"]
[White "Hermansson,E"]
[Black "Cramling,P"]
[Result "1/2-1/2"]
[WhiteElo "2381"]
[BlackElo "2510"]

1.e4 c5 2.Nf3 e6 3.d4 cxd4 4.Nxd4 Nc6 5.Nc3 Qc7 6.f4 a6 7.Be2 b5 8.Nxc6 Qxc6
9.Bf3 Bb7 10.Be3 Rc8 11.Qd4 h5 12.O-O Qc5 13.Qd3 Qxe3+ 14.Qxe3 Bc5 15.Kf2 Nf6
16.h3 h4 17.Rfd1 Bxe3+ 18.Kxe3 Nh5 19.Rd4 Ng3 20.a4 Bc6 21.axb5 axb5 22.Ra5 Ke7
23.Kd3 Ra8 24.Rxa8 Rxa8 25.Rb4 Ra5 26.Kd4  1/2-1/2

[Event "Rapidplay"]
[Site "Liepaja LAT"]
[Date "2001.08.04"]
[Round "8"]
[White "Magem Badals,J"]
[Black "Sadvakasov,D"]
[Result "1/2-1/2"]
[WhiteElo "2513"]
[BlackElo "2568"]

1.e4 c5 2.Nf3 e6 3.d4 cxd4 4.Nxd4 Nc6 5.Nc3 Qc7 6.Be2 a6 7.O-O Nf6 8.Be3 Be7
9.f4 d6 10.a4 O-O 11.a5 Nxa5 12.e5 dxe5 13.fxe5 Nd5 14.Nxe6 Bxe6 15.Nxd5 Bxd5
16.Qxd5 Nc6 17.e6 fxe6 18.Qxe6+ Kh8 19.c3 Bf6 20.Qh3 Ne5 21.Rad1 Rae8 22.Kh1 Qe7
23.Bd4 Qe6 24.Qxe6 Rxe6 25.Bxe5  1/2-1/2